Fecundidad en la frontera norte de México : Tijuana, Ciudad Juárez y Nuevo Laredo /

Gorde:
Xehetasun bibliografikoak
Egile nagusia: González Ramírez, Raúl S. (autor)
Beste egile batzuk: Ham Chande, Roberto (prólogo) (prólogo)
Formatua: Liburua
Hizkuntza:gaztelania
Saila:(Cuadernos COLEF ; 3)
Gaiak:
Etiketak: Etiketa erantsi
Etiketarik gabe, Izan zaitez lehena erregistro honi etiketa jartzen!

MARC

LEADER 00000nam^a2200000^a^4500
001 000160452
005 20250521000000.0
009 20260310100723.821
020 |a 968-6075-48-8 
037 |a Acervo ITESO - Biblioteca 
041 |a ESP 
082 |a 304. 6320972  |b GON 
100 |a González Ramírez, Raúl S.  |e (autor) 
245 1 0 |a Fecundidad en la frontera norte de México :  |b Tijuana, Ciudad Juárez y Nuevo Laredo /  |c R.S. González Ramírez ; pról. de R. Ham Chande. 
264 |a Tijuana, México :  |b El Colegio de la Frontera Norte, Departamento de Estudios de Población,  |c 1992 
300 |a 69 p. 
336 |a texto  |b txt  |2 rdacontenido 
337 |a sin mediación  |b n  |2 rdamedio 
338 |a volumen  |b nc  |2 rdasoporte 
440 1 |a (Cuadernos COLEF ;  |v 3) 
649 |a XX 
650 |a Fecundidad -  |z México (Frontera Norte) 
650 |a Fecundidad -  |z México 
650 |a Población -  |z México (Frontera Norte) 
650 |a Población -  |z México 
650 |a Demografía -  |z México (Frontera Norte) 
650 |a Demografía -  |z México 
650 |a Estadística Vital -  |z México 
700 |a Ham Chande, Roberto  |e (prólogo) 
910 |a Fondo General 
920 |a Impresos - Libros 
930 |a Colección General 
905 |a 101 
901 |a 0500093042  |b IT1  |c ACC  |u 20250521 
902 |a https://opac.biblio.iteso.mx/vufind/Record/000160452